[Event "Altibox Norway Chess 2017"]
[Site "Stavanger"]
[Date "2017.06.06"]
[Round "1"]
[White "Carlsen, Magnus"]
[Black "So, Wesley"]
[Result "1/2-1/2"]
[WhiteElo "2832"]
[BlackElo "2812"]
[Annotator "TA"]
[PlyCount "125"]
[EventDate "2017.??.??"]
[EventType "tourn"]
[EventCountry "NOR"]
[SourceTitle "playchess.com"]
[Source "ChessBase"]
[SourceQuality "1"]

{[%evp 14,125,26,15,32,32,34,38,32,25,27,28,37,27,23,12,18,10,17,10,10,10,10,18,47,27,20,4,10,7,31,36,37,33,36,26,48,8,8,8,8,8,8,8,8,8,8,8,8,8,8,8,8,8,8,8,8,8,8,8,8,0,0,0,0,0,0,0,0,0,0,0,14,14,22,30,30,30,30,30,37,24,24,24,25,25,25,25,49,0,0,0,0,0,0,0,0,0,0,0,0,0,0,0,0,0,0,0,8,0,0,0,0,0]} 1. e4 e5 2. Nf3 Nc6 3. Bc4 Bc5 4. O-O Nf6 5. d3 O-O 6. h3 d6 7. c3 a6 8. a4 {LiveBook: 38 Games. C54: Giuoco Piano: 4 c3 Nf6, main lines with 5 d4 and 5 d3} (8. Re1 h6 9. Bb3 Re8 10. Nbd2 Ba7 11. Nf1 Be6 12. Ng3 Bxb3 13. Qxb3 Qd7 14. Be3 Bxe3 15. Rxe3 d5 16. Rae1 dxe4 17. dxe4 Na5 18. Qc2 Rad8 19. b3 Nc6 20. R3e2 {½-½ (52) Harikrishna,P (2762)-Matlakov,M (2691) Germany 2017}) 8... Be6 9. Bxe6 fxe6 10. b4 {White is slightly better.} Ba7 11. Be3 Bxe3 $146 ({Predecessor:} 11... h6 12. Bxa7 Rxa7 13. Nbd2 Qd7 14. Nc4 Ne7 15. Re1 Raa8 {1-0 (40) Fercec,N (2503)-Pavic,F (1990) Hum na Sutli 2014}) 12. fxe3 Ne7 13. Nbd2 Ng6 14. d4 (14. Qb3 $5 {[%cal Rf3g5]} Qe7 15. c4 $11) 14... Qe7 15. Qb3 Kh8 16. b5 axb5 17. axb5 exd4 18. cxd4 e5 19. Rxa8 Rxa8 20. Rc1 exd4 21. exd4 Nxe4 22. Nxe4 Qxe4 23. Rxc7 Rf8 24. Qc2 Qd5 25. Qc4 (25. b6 {looks sharper.} Nf4 26. Kh2 Ne6 27. Re7 Kg8 28. Qc1) 25... Qxc4 26. Rxc4 $11 {[%mdl 4096] Endgame Threatening Rc7. KRN-KRN} Kg8 $1 27. b6 h6 28. Nd2 {Black should prevent Rc7.} Nf4 29. Rc7 Rf7 30. Nc4 Nd5 $1 {[%cal Rd5c7]} ({Don't play} 30... Ne2+ $6 31. Kh2 $16) 31. Rc8+ Rf8 32. Rxf8+ Kxf8 33. Nxd6 Nxb6 34. Nxb7 {KN-KN} Ke7 35. Kf2 Ke6 36. Ke3 Kd5 37. Na5 Na4 38. Nb3 Nb2 39. Nd2 Nd1+ 40. Ke2 Nb2 41. Nb3 Kc4 42. Nc5 Kxd4 43. Ne6+ Ke4 44. Nxg7 Nc4 45. Kf2 Kf4 46. g3+ Ke4 47. g4 Kf4 48. Nh5+ Kg5 49. Kg3 Ne5 50. Nf4 Kf6 51. Kh4 Ng6+ {The position is equal.} 52. Kg3 Nxf4 53. Kxf4 {KPP-KP} Kg6 54. h4 (54. Kf3 $5 {[%cal Rf3f4]} h5 55. gxh5+ Kxh5 56. Kg3 $11) 54... Kf6 55. Kf3 (55. Ke4 $5 {[%cal Re4d5]} Ke6 56. Ke3 $11) 55... Kf7 $1 56. Ke3 {[#] And now Kd4 would win.} Ke7 $1 57. Kd3 Kd7 $1 58. Kc4 Ke6 $1 59. Kd4 {Threatens to win with Ke4.} Kd6 60. Ke4 Ke6 61. Kf4 {[#] Ke4 is the strong threat.} Kf6 62. Ke4 {aiming for Kd5.} Ke6 63. Kf4 {Precision: White = 59%, Black = 84%.} 1/2-1/2

[Event "Altibox Norway Chess 2017"]
[Site "Stavanger"]
[Date "2017.06.06"]
[Round "1"]
[White "Kramnik, Vladimir"]
[Black "Karjakin, Sergey"]
[Result "1/2-1/2"]
[WhiteElo "2808"]
[BlackElo "2781"]
[Annotator "TA"]
[PlyCount "88"]
[EventDate "2017.??.??"]
[EventType "tourn"]
[EventCountry "NOR"]
[SourceTitle "playchess.com"]
[Source "ChessBase"]
[SourceQuality "1"]

{[%evp 16,88,37,25,35,25,25,22,26,22,26,30,16,19,54,0,97,101,113,105,103,115,113,108,108,81,85,81,86,86,87,87,102,100,192,36,43,39,33,33,96,50,65,54,101,91,107,0,33,0,5,0,0,-7,0,0,0,0,0,0,0,0,0,0,0,0,0,-8,-6,-7,0,-8,0,-7,0]} 1. e4 e5 2. Nf3 Nc6 3. Bc4 Bc5 4. O-O Nf6 5. d3 O-O 6. a4 {C50: Hungarian Defence and Giuoco Pianissimo} a6 7. c3 d5 8. exd5 Nxd5 9. Nbd2 {LiveBook: 11 Games} Kh8 10. Re1 (10. Ne4 $5 {[%cal Re4c5]} Be7 11. Re1 $11) 10... f6 11. d4 Ba7 $146 {[%cal Re5d4]} ({Predecessor:} 11... exd4 12. Nb3 Ba7 13. Nbxd4 Nxd4 14. Nxd4 c6 15. a5 Qd6 {1-0 (63) Giri,A (2755)-Tomashevsky,E (2731) Moscow 2016}) 12. dxe5 Nxe5 13. Nxe5 fxe5 14. Nf3 $36 {[%mdl 2048] White fights for an advantage.} c6 15. Bg5 (15. Bxd5 $14 cxd5 16. Rxe5) 15... Qb6 (15... Qd6 $11) 16. Bxd5 $16 cxd5 17. Be3 Qxb2 18. Bxa7 Rxa7 {[%cal Ba8a7,Ba7f7,Bf7f2][%mdl 32]} 19. Qxd5 {[#] Threatens to win with Qc5.} b6 20. Rab1 Qxc3 21. Rxb6 Raf7 {[%cal Rf7f3]} 22. Qxe5 Qxe5 23. Rxe5 Bg4 24. Re3 Kg8 (24... Rf6 $16 {was necessary.} 25. Rxf6 gxf6) 25. Ne5 $2 ({White must play} 25. Rxa6 $18 {Black must now prevent a5.} h5 26. a5) 25... Rxf2 $14 {[%csl Gf8][%cal Rf2f1] [#]} 26. h3 Bc8 27. Nc6 Rf1+ 28. Kh2 R1f6 29. a5 h6 30. Ne7+ Kf7 31. Nc6 ({White should play} 31. Nxc8 $16 Rxc8 32. Rf3) 31... Kg8 32. Rc3 {Strongly threatening Ne7+.} Kh7 {The position is equal.} 33. Ne7 Bd7 34. Nd5 Rf5 35. Rd6 Bb5 36. Nc7 Bf1 37. Rd7 Rf2 38. Rg3 R8f7 39. Rxf7 Rxf7 $11 {KRB-KRN} 40. Rc3 Rf5 41. Rc1 Bd3 42. Rc3 Bf1 43. Rc1 Bd3 44. Rc3 Bf1 {Precision: White = 59%, Black = 45%.} 1/2-1/2

[Event "Altibox Norway Chess 2017"]
[Site "Stavanger"]
[Date "2017.06.06"]
[Round "1"]
[White "Vachier-Lagrave, Maxime"]
[Black "Anand, Viswanathan"]
[Result "1/2-1/2"]
[WhiteElo "2795"]
[BlackElo "2786"]
[Annotator "TA"]
[PlyCount "87"]
[EventDate "2017.??.??"]
[EventType "tourn"]
[EventCountry "NOR"]
[SourceTitle "playchess.com"]
[Source "ChessBase"]
[SourceQuality "1"]

{[%evp 12,87,35,22,28,26,42,42,44,39,37,23,25,38,36,35,33,23,30,19,24,5,19,12,15,12,25,23,27,28,16,10,22,16,26,0,0,0,0,0,0,0,13,0,0,0,0,0,0,0,0,0,0,0,0,0,0,0,0,0,0,0,0,0,0,0,0,0,0,0,0,0,0,0,0,0,0,0]} 1. e4 c6 2. d4 d5 3. e5 c5 4. Ne2 Nc6 5. c3 Bg4 (5... cxd4 6. cxd4 Bf5 7. Nbc3 e6 8. Ng3 Bg6 9. Be3 Nge7 10. Qd2 Nf5 11. Nxf5 Bxf5 12. Be2 Be7 13. O-O {1-0 (43) Mamedov,R (2688)-Vidit,S (2689) Doha 2016}) 6. h3 {B12: Caro-Kann: Advance Variation} Bxe2 7. Bxe2 {LiveBook: 3 Games} ({Much weaker is} 7. Kxe2 cxd4 8. cxd4 Qb6 $17) 7... e6 8. O-O {White has an edge.} Qb6 {[%cal Rc5d4]} 9. dxc5 Bxc5 10. b4 $1 {[%cal Rb4c5]} Be7 11. Be3 $146 ({Predecessor:} 11. Bf4 Qc7 12. Re1 Nxe5 13. Bxe5 Qxe5 14. Bb5+ {1-0 (14) Riabinina,M (1724)-Mokhov,A (1706) Omsk 2014}) 11... Qc7 12. f4 Nh6 13. Na3 a6 14. Bd3 O-O 15. Nc2 f6 16. Nd4 Nxd4 17. Bxd4 fxe5 18. Bxe5 Bd6 19. Bxd6 Qxd6 20. Qd2 Nf5 21. Rae1 Rac8 22. Re5 Rf6 23. Rfe1 g6 {The position is equal.} 24. Bxf5 gxf5 25. Qe3 {[%cal Re5e6]} Rc6 26. a4 Qc7 27. c4 Rxc4 28. Rxe6 Re4 $1 29. Qg3+ Qg7 30. Re8+ Rf8 31. Qxg7+ Kxg7 32. R1xe4 fxe4 33. Rxf8 Kxf8 $11 {[%mdl 4096] Endgame KP-KP} 34. Kf2 d4 35. g4 Kf7 36. h4 h5 37. gxh5 Kf6 38. h6 Kg6 {[#]} 39. f5+ $1 {[%mdl 512]} Kxh6 (39... Kxf5 40. h7) 40. a5 Kh5 41. Ke2 Kh6 42. Kf2 Kh5 (42... Kg7 $5 43. h5 $8 Kf6 $11) 43. Ke2 Kh6 44. Kf2 {Precision: White = 73%, Black = 82%.} 1/2-1/2

[Event "Altibox Norway Chess 2017"]
[Site "Stavanger"]
[Date "2017.06.06"]
[Round "1"]
[White "Aronian, Levon"]
[Black "Caruana, Fabiano"]
[Result "1/2-1/2"]
[WhiteElo "2793"]
[BlackElo "2805"]
[Annotator "TA"]
[PlyCount "115"]
[EventDate "2017.??.??"]
[EventType "tourn"]
[EventCountry "NOR"]
[SourceTitle "playchess.com"]
[Source "ChessBase"]
[SourceQuality "1"]

{[%evp 24,115,38,34,38,28,34,34,64,64,62,56,63,54,67,62,61,65,100,62,72,54,78,77,77,70,78,66,93,94,88,66,70,31,54,15,49,36,33,62,62,17,41,26,27,40,42,27,37,0,91,95,64,10,7,10,12,0,0,0,0,0,0,0,0,0,0,-22,-22,-25,-25,-25,-25,-25,-25,-25,-25,-25,0,-25,-25,-36,-36,-36,-36,-36,0,-36,0,-36,0,-36,0,-36]} 1. d4 d5 2. c4 dxc4 3. e3 Nf6 4. Bxc4 e6 5. Nf3 c5 6. O-O a6 7. b3 Nbd7 8. Bb2 b5 9. Be2 Bb7 10. a4 b4 11. Nbd2 Be7 12. Rc1 {D27: Queen's Gambit Accepted: Classical main line: 7 e4!? and 7 a4} O-O 13. dxc5 {LiveBook: 4 Games} Bxc5 14. Ne5 {White is slightly better.} Rc8 15. Bf3 $146 ({Predecessor:} 15. Nxd7 Nxd7 16. Bf3 Bxf3 17. Qxf3 Be7 18. Rxc8 Qxc8 19. Rc1 Qd8 20. Ne4 f5 21. Qg3 e5 22. Nd2 {½-½ (22) Akesson,R (2465)-Van Wely,L (2585) Antwerp 1995}) 15... Nd5 16. Nxd7 Qxd7 17. Nc4 Qe7 18. Qe2 Ba7 19. g3 Bb8 20. Rfd1 Rfd8 21. Bg2 Bc7 22. Qg4 {[%csl Gb2][%cal Rg4g7] [#]} f6 23. h4 {[%cal Bh2h4,Bh4h5][%mdl 32]} a5 24. Rd2 Ba6 25. Rdc2 Rb8 26. h5 Rd7 27. Qh4 Rf8 28. Bh3 Bb7 29. Bd4 (29. Qg4 $5 {[%cal Rg4e6]} f5 30. Qe2 $11) 29... Qf7 30. Rd2 (30. h6 $5 {[%cal Rh6g7]}) 30... h6 31. Qg4 Re8 32. Qg6 Red8 33. Bg2 Ba6 34. Be4 {[#] aiming for Qh7+.} Qxg6 35. hxg6 Ne7 36. Bc5 f5 (36... Nd5 $1 $11) 37. Bxe7 $16 Rxe7 38. Bf3 ({Better is} 38. Rxd8+ $14 Bxd8 39. Bc6) 38... Rxd2 $11 39. Nxd2 Kf8 40. Rc5 Rd7 41. Nc4 Bxc4 $1 42. Rxc4 {[%mdl 4096] Endgame KRB-KRB} Ke7 43. Rc6 Bd8 44. Be2 Rd6 45. Rxd6 (45. Rc8 {is interesting.} Kf6 46. Bc4 Bb6 47. Re8 Rc6 48. Kf1) 45... Kxd6 {KB-KB} 46. Bc4 e5 47. f4 Bb6 48. Kf2 exf4 49. gxf4 h5 50. Kf3 h4 51. Bf1 (51. Bd3 $5 {[%cal Rd3f5]}) 51... Ke6 52. e4 fxe4+ 53. Kxe4 Kf6 54. f5 Bd8 55. Bh3 Bb6 56. Bf1 Bd8 57. Bh3 Bb6 58. Bf1 {Precision: White = 68%, Black = 58%.} 1/2-1/2

[Event "Altibox Norway Chess 2017"]
[Site "Stavanger"]
[Date "2017.06.06"]
[Round "1"]
[White "Nakamura, Hikaru"]
[Black "Giri, Anish"]
[Result "1-0"]
[WhiteElo "2785"]
[BlackElo "2771"]
[Annotator "TA"]
[PlyCount "133"]
[EventDate "2017.??.??"]
[EventType "tourn"]
[EventCountry "NOR"]
[SourceTitle "playchess.com"]
[Source "ChessBase"]
[SourceQuality "1"]

{[%evp 23,133,18,38,13,33,35,35,35,44,30,31,29,43,46,47,11,18,6,11,6,9,0,14,12,16,10,13,6,13,2,2,2,2,4,29,27,43,36,49,32,54,57,70,64,58,60,60,58,77,56,53,50,49,62,70,0,0,0,47,49,45,49,48,35,38,38,35,46,52,52,35,33,233,233,363,363,375,363,371,371,315,321,315,315,324,330,431,304,516,296,1386,1449,1676,1660,1407,0,734,0,1634,1612,1517,1508,29955,29953,29967,29968,29979,29980,29980,29981,29981,29982]} 1. d4 Nf6 2. c4 g6 3. Nc3 d5 4. Bg5 Ne4 5. Bh4 Nxc3 6. bxc3 dxc4 7. e3 Be6 8. Qb1 {D80: Grünfeld: Unusual White 4th moves and 4 Bg5} (8. Be2 Nd7 9. Nf3 Bg7 10. O-O Nb6 11. Qc2 O-O 12. Rfb1 Bd7 13. a4 a5 14. Bg3 Bc6 15. e4 Qd7 16. Rxb6 cxb6 {½-½ (101) Tomashevsky,E (2696)-Vachier Lagrave,M (2795) Moscow 2017}) 8... b6 9. Nh3 Bh6 10. Bg5 Bxg5 11. Nxg5 Qd5 12. Nxe6 Qxe6 {LiveBook: 4 Games} 13. Qb4 $146 ({Predecessor:} 13. Qb5+ c6 14. Qxc4 Qxc4 15. Bxc4 Nd7 {½-½ (55) Macieja,B (2593)-Navara,D (2663) Ermioni Argolidas 2005}) 13... Qd5 (13... Qe4 {is interesting.} 14. Qxc4 O-O 15. Qd3 Qb7 16. e4 Nd7) 14. Qxc4 Qxc4 15. Bxc4 e6 16. Be2 Nd7 17. a4 {[%cal Ba2a4,Ba4a5][%mdl 32]} Ke7 18. a5 c6 19. Kd2 b5 20. Rab1 Rab8 21. Rb2 f5 22. Rhb1 Kd6 23. f3 e5 24. c4 exd4 25. cxb5 cxb5 26. Bxb5 dxe3+ 27. Kxe3 {Threatens to win with Rd2+.} Nf6 28. Bc4 Rxb2 (28... Rhe8+ {with more complications.} 29. Kd4 Rbd8 30. Rc2 Re7 31. Rbb2 Rc7) 29. Rxb2 $11 {[%mdl 4096] Endgame KRB-KRN} Re8+ 30. Kd4 Re7 31. Rb8 Rd7 {And now ...Kc7+ would win.} 32. Rc8 Rb7 33. a6 $1 {[%cal Ra6b7]} Rb4 34. Kc3 Ra4 $1 35. Kb3 Nd7 $1 36. Bb5 ({But not} 36. Kxa4 Nb6+ 37. Kb5 Nxc8 $11) (36. Rd8 $5 {[%cal Rb3a4]} Ra1 37. Ra8 $16) 36... Ra5 37. Kb4 Ra1 $1 38. Rd8 Rb1+ 39. Ka5 (39. Ka4 $14 Ra1+ 40. Kb4 Rb1+ 41. Kc4 Rc1+ 42. Kd3) 39... Ra1+ 40. Kb4 Rb1+ 41. Ka4 Ra1+ 42. Kb3 Rb1+ 43. Kc4 Rc1+ 44. Kd3 Rc7 45. Kd4 Ke7 46. Ra8 Kd6 47. h4 Ke7 $2 {[#]} (47... Nb6 $14 48. Rd8+ Ke6) 48. Bxd7 $1 $18 Rxd7+ {KR-KR} (48... Kxd7 {was called for.} 49. Kd5 Ke7) 49. Ke5 Kf7 {[#]} 50. Rb8 $1 {[%cal Rb8b7]} Re7+ 51. Kd5 Kf6 52. Rb7 Re5+ 53. Kd4 Ra5 54. Rxa7 f4 55. Kc4 Ra2 $2 (55... h6 {was necessary.} 56. Kb4 Ra2) 56. Kc5 h5 $2 (56... h6 57. Ra8 Kf7) 57. Ra8 Rc2+ 58. Kb6 Rb2+ 59. Kc5 Rc2+ 60. Kb6 (60. Kb5 $142) 60... Rb2+ 61. Ka7 Rxg2 62. Rb8 Rf2 63. Rb6+ {White mates.} Kg7 64. Kb7 Rxf3 65. a7 Ra3 66. Ra6 Rb3+ 67. Kc6 {Precision: White = 76%, Black = 51%.} 1-0

[Event "Altibox Norway Chess 2017"]
[Site "Stavanger"]
[Date "2017.06.07"]
[Round "2"]
[White "So, Wesley"]
[Black "Vachier-Lagrave, Maxime"]
[Result "1/2-1/2"]
[WhiteElo "2812"]
[BlackElo "2796"]
[Annotator "TA"]
[PlyCount "85"]
[EventDate "2017.??.??"]
[EventType "tourn"]
[EventCountry "NOR"]
[SourceTitle "playchess.com"]
[Source "ChessBase"]
[SourceQuality "1"]

{[%evp 16,85,31,25,40,26,16,4,21,26,33,22,14,23,38,40,37,0,0,0,17,19,22,20,12,4,20,-7,-8,-31,-27,-31,-27,-27,-21,-21,-21,-21,-22,-22,-19,-29,-22,-22,-29,-33,-32,-31,-22,-22,-15,-34,-34,-34,-33,-41,-25,-25,-11,-22,-22,-22,-5,-8,0,-23,0,-8,0,-10,0,-8]} 1. d4 Nf6 2. c4 g6 3. g3 c6 4. Nf3 Bg7 5. Bg2 d5 6. b3 O-O 7. Bb2 c5 8. dxc5 dxc4 9. O-O Qc7 {E60: King's Indian: Unusual lines and Fianchetto Variation without Nc3} (9... Nc6 10. Ne5 Nxe5 11. Qxd8 Rxd8 12. Bxe5 cxb3 13. axb3 Nd5 14. Bxg7 Kxg7 15. Rd1 Be6 16. Ra4 Nf4 17. Rd2 Nxg2 18. Kxg2 Bxb3 19. Rxd8 Rxd8 20. Rxa7 {½-½ (57) Carneiro,V (2435)-Escalante Ramirez,B (2333) Manta 2017}) 10. Qc1 $146 ({Predecessor:} 10. b4 Nc6 11. a3 Rd8 12. Qc1 b5 13. cxb6 axb6 14. Qxc4 Be6 15. Qc1 Rac8 16. Nc3 Ne5 17. Nxe5 Qxe5 {1-0 (67) Yotov,Y-Kolev,H ICCF email 2011}) 10... Qxc5 11. Na3 Qh5 12. Nxc4 Nc6 13. Qg5 Qxg5 14. Nxg5 Bd7 15. Rfd1 Rfd8 16. Nf3 Be6 17. Nfe5 Rxd1+ 18. Rxd1 Rd8 19. Rxd8+ Nxd8 20. Nd3 Nd5 (20... Bxc4 $5 21. bxc4 Nd7 $11) 21. Ba3 Kf8 22. Nc5 (22. Bxd5 $5 Bxd5 23. Bb2 $11) 22... Nc3 23. Nxe6+ fxe6 24. Kf1 Nxa2 {[#] aiming for ...b5.} 25. Na5 b6 26. Nc6 Nxc6 27. Bxc6 $11 {[%mdl 4096] Endgame KBB-KBN} Be5 28. e3 Bd6 29. Bb2 $1 Nb4 30. Be4 Kf7 31. Ke2 Nd5 32. Bd3 e5 33. h4 Nf6 34. Bb5 e6 35. Bc6 Nd5 36. Kf3 h5 37. Ke4 Nf6+ 38. Kd3 Ng4 (38... e4+ $5 39. Bxe4 Nxe4 40. Kxe4 Ke7 $11) 39. Ke2 Nf6 40. Kd3 Ng4 (40... e4+ $5 41. Bxe4 Nxe4 42. Kxe4 Ke7 $11) 41. Ke2 {The position is equal.} Nf6 42. Kd3 Ng4 43. Ke2 {Precision: White = 50%, Black = 46%.} 1/2-1/2

[Event "Altibox Norway Chess 2017"]
[Site "Stavanger"]
[Date "2017.06.07"]
[Round "2"]
[White "Caruana, Fabiano"]
[Black "Carlsen, Magnus"]
[Result "1/2-1/2"]
[WhiteElo "2808"]
[BlackElo "2832"]
[Annotator "TA"]
[PlyCount "84"]
[EventDate "2017.??.??"]
[EventType "tourn"]
[EventCountry "NOR"]
[SourceTitle "playchess.com"]
[Source "ChessBase"]
[SourceQuality "1"]

{[%evp 20,84,41,14,22,8,10,10,27,13,12,0,23,12,16,7,7,8,9,4,4,5,16,9,14,13,18,0,6,0,0,0,0,0,0,0,2,0,0,0,0,0,0,0,0,0,0,0,0,0,0,0,0,0,0,0,0,0,0,0,0,0,0,0,0,0,0]} 1. e4 e5 2. Nf3 Nc6 3. Bb5 a6 4. Ba4 Nf6 5. O-O Be7 6. Re1 b5 7. Bb3 O-O 8. a4 Bb7 9. d3 d5 10. exd5 Nxd5 11. Nbd2 f6 {C88: Closed Ruy Lopez: Anti-Marshall Systems} 12. c3 $146 ({Predecessor:} 12. axb5 axb5 13. Rxa8 Bxa8 14. c4 bxc4 15. Nxc4 Kh8 16. d4 Bb4 17. Re4 Nde7 18. Rh4 Nf5 19. Rh3 Ncxd4 20. Nxd4 exd4 21. Qg4 Nh6 22. Bxh6 gxh6 23. Rg3 Rg8 24. Nd6 {1-0 (24) Wang,H (2683)-Sethuraman,S (2629) Sharjah 2017}) 12... Kh8 13. axb5 axb5 14. Rxa8 Bxa8 15. Ne4 b4 16. d4 bxc3 {The position is equal.} 17. bxc3 exd4 18. Nxd4 Nxd4 19. cxd4 Bb4 20. Bd2 Bxd2 21. Qxd2 Re8 22. h3 Nb6 23. Nc5 {Threatens to win with Ne6.} Bd5 24. Bxd5 Nxd5 25. Ne6 Qd7 26. Nc5 Qf7 27. Re2 Rb8 28. Re1 Re8 29. Re4 Rxe4 30. Nxe4 h6 31. Nc3 Qe6 32. Nxd5 Qxd5 $11 {[%mdl 4096] Endgame KQ-KQ} 33. Qe3 Kg8 34. Qe8+ Kh7 35. Qe3 c6 36. h4 Kg6 37. Qe8+ Kh7 38. h5 Qxd4 39. Qg6+ Kg8 40. Qe8+ Kh7 41. Qg6+ Kg8 42. Qe8+ Kh7 {Precision: White = 71%, Black = 87%.} 1/2-1/2

[Event "Altibox Norway Chess 2017"]
[Site "Stavanger"]
[Date "2017.06.07"]
[Round "2"]
[White "Anand, Viswanathan"]
[Black "Kramnik, Vladimir"]
[Result "0-1"]
[WhiteElo "2786"]
[BlackElo "2808"]
[Annotator "TA"]
[PlyCount "120"]
[EventDate "2017.??.??"]
[EventType "tourn"]
[EventCountry "NOR"]
[SourceTitle "playchess.com"]
[Source "ChessBase"]
[SourceQuality "1"]

{[%evp 13,120,10,15,0,0,0,0,0,0,0,0,0,0,0,0,0,0,0,0,0,-6,-39,-33,0,22,10,19,17,38,-14,-14,-17,-19,-19,-19,-37,-22,-34,-27,-39,-39,-26,-33,-36,-38,-33,-36,-25,-29,-34,-17,-23,-18,-8,-14,-112,-104,-116,-106,-102,-101,-150,-156,-277,-272,-1488,-2638,-1451,-2113,-2274,-2209,-1734,-1538,-5064,-5061,-5031,-4133,-3178,-309,-4004,-1450,-29979,-29980,-1657,0,-1206,-1089,-613,-108,-405,-201,-210,-109,-116,-109,-347,-370,-350,-206,-1400,0,-109,0,-1887,-1678,-3908,-2745,-29970,-10456]} 1. e4 e5 2. Nf3 Nc6 3. Bb5 a6 4. Ba4 Nf6 5. O-O Bc5 6. Nc3 b5 7. Bb3 O-O {LiveBook: 25 Games. C77: Ruy Lopez: 3...a6 4 Ba4 Nf6, unusual lines} 8. Nd5 (8. d3 h6 9. Nd5 d6 10. a4 Rb8 11. axb5 axb5 12. Be3 Nxd5 13. exd5 Bxe3 14. fxe3 Ne7 15. e4 Ng6 16. Qd2 {0-1 (38) Dominguez Perez,L (2732)-Ding,L (2766) Huaian 2016}) 8... Nxe4 9. d3 Nf6 {The position is equal.} 10. Bg5 $146 ({Predecessor:} 10. Nxf6+ Qxf6 11. Bg5 Qg6 12. Re1 d6 13. Bd5 Bd7 14. Bxc6 Bxc6 15. Be3 Bxe3 16. Rxe3 f5 17. Nh4 Qf6 18. g3 f4 19. Re1 fxg3 20. fxg3 {0-1 (20) Tassinati,M (559)-Matugin,S (1727) LSS email 2010}) 10... Be7 $1 11. Nxe7+ Qxe7 12. Re1 h6 13. Bh4 Bb7 14. c3 Rfe8 15. d4 {Black must now prevent dxe5.} e4 16. Nd2 Na5 17. Bc2 g5 18. Bg3 Nc4 19. Nxc4 bxc4 20. b3 Bd5 21. Be5 ({White should try} 21. h4 $14) 21... d6 $11 22. Bxf6 Qxf6 23. bxc4 Bxc4 24. Rxe4 Rxe4 25. Bxe4 Re8 26. Bd3 Qe6 27. Bxc4 Qxc4 $15 {[%mdl 4096] Endgame KQR-KQR} 28. Qb3 Qd3 29. h3 Kg7 30. Rd1 Qe2 31. Rf1 Re6 32. Qd5 Qd2 33. Qc4 a5 {[%cal Ba6a5,Ba5a4][%mdl 32]} 34. Qxc7 (34. a4 $11) 34... Qxa2 $17 35. c4 Qd2 36. Qb6 a4 37. Qa7 {[#]} Qb4 $1 38. f4 (38. Kh2 $17 {was necessary.}) 38... Re1 $19 39. fxg5 $2 (39. Rxe1 Qxe1+ 40. Kh2 gxf4 41. Qxa4 Qg3+ 42. Kh1) 39... Rxf1+ 40. Kxf1 hxg5 {KQ-KQ} 41. Kg1 Qxc4 42. Kh2 Qb4 43. Qe7 Qd2 44. Qa7 Qf4+ 45. Kh1 Qc1+ 46. Kh2 a3 47. Qa5 Qf4+ 48. Kh1 Qc1+ 49. Kh2 Qe3 50. Kh1 f6 $2 (50... Kg6 $19 {and Black stays clearly on top.} 51. Qa8 Qb3 52. Qg8+ Kf6) 51. Qa4 $2 {[%mdl 8192]} (51. Qa7+ $17 Kg6 52. Qa4) 51... Qc1+ (51... Qc3 $142 52. Kh2 Kg6 53. Qe8+ Kf5 54. Qd7+ Ke4 55. Qxd6 Qa5 56. Qxf6 a2 57. Qf3+ Kxd4 58. Qg4+ Ke3 59. Qf3+ Kd2 60. Qf2+ Kd1 61. Qf3+ Kc2 62. Qe4+ Kd1 63. Qg4+ Kc2 64. Qc4+ Kb2 65. Qe2+ Kb3 66. Qd1+ Kc4 67. Qg4+ Kc3 68. Qf3+ Kd2 69. Qf2+ Kd3 70. Qf3+ Kd4 71. Qg4+ Kc3 72. Qf3+ Kd4) 52. Kh2 Qf4+ ({Better is} 52... Kf8 $19 {Threatens to win with ...Qb2.} 53. Qa8+ Kf7 54. Qd5+ Ke7 55. Qb7+ Ke6 56. Qe4+ Kd7 57. Qb7+ Qc7) 53. Kh1 Qe3 {And now ...Qc3 would win.} 54. Kh2 $2 (54. Qa7+ $17 {was the only defense.} Kg6 55. Qa4) 54... Kf7 55. Kh1 Kg6 (55... Qc3 $142 56. Kh2 Kg6 57. Qe8+ Kf5 58. Qd7+ Ke4 59. Qxd6 Qa5 60. Qxf6 a2 61. Qf3+ Kxd4 62. Qg4+ Kc3 63. Qf3+ Kd4 64. Qg4+ Kc3 65. Qf3+ Kd4) 56. Qa8 $2 (56. Qc4 Kh5 57. Qd5) 56... Kg7 $2 (56... Qb3 $19 57. d5 Kf5 58. Qc8+ Ke4 59. Qe6+ Kd3 60. Qf5+ Ke2) 57. Qb7+ (57. Qa4 $1 $11 {was the only way to keep the balance.} Qc3 58. Kh2) 57... Kg6 $2 {[%mdl 8192]} (57... Kh6 $17 58. Qf7 Qc1+ 59. Kh2 Qf4+ 60. Kh1 Qxd4) 58. Qa8 $1 {intending Qg8+.} Qb3 59. Qe4+ Kg7 60. Qe7+ {[#]} Qf7 $1 {Precision: White = 49%, Black = 64%.} 0-1